000 00831nam a2200277 i 4500
001 bg
100 1 _aPoprawski, Ryszard.
245 0 0 _aĆwiczenia laboratoryjne z fizyki.
_nCz. 1,
_pPodstawy rachunku błędów i opracowania wyników /
_cRyszard Poprawski, Włodzimierz Salejda.
250 _aWyd. 2 popr.
260 _aWrocław :
_bOficyna Wydawnicza Politechniki Wrocławskiej,
_c1998.
300 _a97 s. :
_brys., wykr. ;
_c24 cm.
504 _aBibliogr. s. 72.
650 9 _aBłędy
_xteoria
650 9 _aFizyka
650 9 _aPomiary
_xbłędy
655 _aPodręczniki akademickie
700 1 _aSalejda, Włodzimierz.
020 _a8370853455
040 _cBPK
041 0 _apl
080 _a53
080 _a(075.8)
920 _a83-7085-345-5
942 _cKS
008 s pl f |000 0 pol
999 _c34058
_d34058
856 _uhttp://koha.tu.koszalin.pl/cgi-bin/koha/opac-detail.pl?biblionumber=34058
_yKatalog online BPK